000 01080cam a2200337 a 4500
001 5720
003 FISKH
005 20250203085542.0
008 980728s1999 nyua b 000 1 eng
010 _a 98033893
020 _a0803723865 (trade)
020 _a9781447234883
040 _aDLC
_cDLC
_dDLC
_beng
050 _aPZ8.D7235
082 _a823.914
100 1 _aDonaldson, Julia.
245 1 4 _aThe Gruffalo /
_cJulia Donaldson ; pictures by Axel Scheffler.
260 _aLondon :
_bMac Millan,
_c1999.
300 _a29 pages ;
_bcolor illustrations ;
_c19 cm
505 _aG
520 _aA clever mouse uses the threat of a terrifying creature to keep from being eaten by a fox, an owl, and a snake--only to have to outwit that creature as well.
521 8 _a510
_bLexile
521 8 _aG
_bRaz-Plus
650 1 _aMice
_xFiction.
650 1 _aAnimals
_xFiction.
650 1 _aStories in rhyme.
700 1 _aScheffler, Axel,
_eillustrator
906 _a7
_bcbc
_corignew
_d1
_eocip
_f19
_gy-gencatlg
942 _2ddc
_cBK
_n0
999 _c5720
_d5720